| 000 | 00652nam a2200205Ia 4500 | ||
|---|---|---|---|
| 999 |
_c747 _d747 |
||
| 003 | 0100 | ||
| 008 | 130227s9999 xx 000 0 und d | ||
| 020 | _a9780713998696 | ||
| 040 | _cARRUPELIB | ||
| 050 | _aBR145.2.M133 2009 | ||
| 100 |
_aMacCulloch, Diarmaid _915775 |
||
| 245 | 2 |
_aA History of Christianity: _bthe first three thousand years _c/ by Diarmaid MacCulloch |
|
| 260 |
_aHarmondsworth _bPenguin Books _c2009 |
||
| 300 | _axvii | ||
| 300 | _b 1161p 23cm | ||
| 650 |
_bChurch history _915776 |
||
| 942 |
_2lcc _cMONOGRAPH _03 |
||